| 000 | 00416nam a22001337a 4500 | ||
|---|---|---|---|
| 020 | _a9787542641892 | ||
| 082 | _a895.11009 | ||
| 100 | _aWang, Guowei | ||
| 245 |
_aHuman words: _ba study in Chinese literary criticism (Chinese Edition) / _cGuowei Wang |
||
| 260 |
_aHong Kong : _bHong Kong University Press, _c2013. |
||
| 300 |
_a464 p. ; _c22 cm. |
||
| 880 |
_6245-025\r _a人間詞話 / |
||
| 942 |
_2ddc _cBK |
||
| 999 |
_c591807 _d591807 |
||